00705nam a2200205Ia 4500003000900000008004100009020001600050040001600066080001500082100003200097245010500129260003000234300001000264650004100274650004100315650003000356942000700386999001500393952009100408IN-BaIIA211028s9999 xx 000 0 eng d a85274-234-7 cIIA Library a524.5bWIC aWickramasinghe, N. C.95397 0aLight scattering functions for small particlesbwith applications in astronomycN. C. Wickramasinghe aLondonbAdam Hilgerc1973 a506p. aAstronomy and astrophysics thesaurus aElementary particle scattering97821 aInterstellar matter91189 cBK c4481d4481 00104070aBANbBANcGENd1974-08-26l0o524.5/ WICp5004r2021-11-05w1974-08-26yBK